El derecho frente a la pobreza Los desafo̕s ťicos del constitucionalismo de los derechos /

Bibliographic Details
Main Author: Grǹdez Castro, Pedro P.
Format: eBook
Language:Spanish
Published: Lima : Editorial Palestra, 2011
Subjects:
Online Access:Acceso restringido

MARC

LEADER 00000nam a22000007a 4500
005 20120621181045.0
007 cr|||| |||
008 120621s2011 pe |||||s|||| 00||0 spa d
020 |a 978-612-4047-26-8 
035 |a 6483 
040 |a vLex 
090 |c 3230  |d 3230 
100 1 |a Grǹdez Castro, Pedro P. 
245 1 3 |a El derecho frente a la pobreza  |h [Recurso electrn̤ico] :  |b Los desafo̕s ťicos del constitucionalismo de los derechos /  |c Pedro P. Grǹdez Castro 
256 |a Servicio en ln̕ea 
260 |a Lima :  |b Editorial Palestra,  |c 2011 
300 |a 1 recurso electrn̤ico 
506 1 |a Contenido solo disponible en los productos indicados  |d vLex Global   |d vLex Global (Academic Edition, excluding Law Schools)   |d vLex Global (U.S. Academic Edition, Law Schools)   |d vLex Global (U.S. Academic Edition, excluding Law Schools)   |d vLex Global (Academic Edition, Law Schools)  
650 0 4 |a Pobreza  |z Per︢ 
650 0 4 |a Derecho constitucional  |z Per︢ 
740 0 |a vLex Libros (Servicio en ln̕ea) 
856 4 0 |u http://vlex.com/source/derecho-frente-pobreza-6483  |z Acceso restringido 
942 |c BOOK 
999 0 |a Poverty 
999 0 |a Constitutional law